<?xml version="1.0" encoding="UTF-8"?>
<collection xmlns="http://www.loc.gov/MARC21/slim">
 <record>
  <leader>02499nam a22003257a 4500</leader>
  <controlfield tag="001">NCT_64778</controlfield>
  <controlfield tag="008">190619b        xxu||||| |||| 00| 0 vie d</controlfield>
  <datafield tag="999" ind1=" " ind2=" ">
   <subfield code="c">3137</subfield>
   <subfield code="d">3137</subfield>
  </datafield>
  <datafield tag="020" ind1=" " ind2=" ">
   <subfield code="a">9786046613664</subfield>
   <subfield code="c">77000</subfield>
  </datafield>
  <datafield tag="082" ind1="0" ind2="4">
   <subfield code="2">23rd ed.</subfield>
   <subfield code="a">615</subfield>
   <subfield code="b">H527</subfield>
  </datafield>
  <datafield tag="100" ind1="1" ind2=" ">
   <subfield code="a">Hoàng Thị Kim Huyền</subfield>
   <subfield code="e">Biên soạn</subfield>
  </datafield>
  <datafield tag="245" ind1="1" ind2="0">
   <subfield code="a">Chăm sóc dược</subfield>
   <subfield code="b">: Sách đào tạo dược sĩ và học viên sau đại học</subfield>
   <subfield code="c">Hoàng Thị Kim Huyền (biên soạn) </subfield>
  </datafield>
  <datafield tag="250" ind1=" " ind2=" ">
   <subfield code="a">Tái bản lần thứ 1, có sửa chữa và bổ sung</subfield>
  </datafield>
  <datafield tag="260" ind1=" " ind2=" ">
   <subfield code="a">H.</subfield>
   <subfield code="b">Y học</subfield>
   <subfield code="c">2015</subfield>
  </datafield>
  <datafield tag="300" ind1=" " ind2=" ">
   <subfield code="a">267 tr.</subfield>
   <subfield code="b">Bảng</subfield>
   <subfield code="c">27cm</subfield>
  </datafield>
  <datafield tag="500" ind1=" " ind2=" ">
   <subfield code="a">ĐTTS ghi: Bộ Y tế</subfield>
  </datafield>
  <datafield tag="520" ind1="3" ind2=" ">
   <subfield code="a">Những kiến thức cơ bản cần nắm vững trước khi thực hành và các bài seminar mà cho cả việc thực hành trong lâm sàng với tư cách DSLS.</subfield>
  </datafield>
  <datafield tag="653" ind1=" " ind2=" ">
   <subfield code="a">Dược học</subfield>
  </datafield>
  <datafield tag="942" ind1=" " ind2=" ">
   <subfield code="2">ddc</subfield>
   <subfield code="c">BK</subfield>
  </datafield>
  <datafield tag="952" ind1=" " ind2=" ">
   <subfield code="0">0</subfield>
   <subfield code="1">0</subfield>
   <subfield code="2">ddc</subfield>
   <subfield code="4">0</subfield>
   <subfield code="6">615_000000000000000_H527</subfield>
   <subfield code="7">0</subfield>
   <subfield code="9">16931</subfield>
   <subfield code="a">000001</subfield>
   <subfield code="b">000001</subfield>
   <subfield code="d">2019-06-19</subfield>
   <subfield code="o">615 H527</subfield>
   <subfield code="p">MD.15683</subfield>
   <subfield code="r">2019-06-19</subfield>
   <subfield code="v">77000.00</subfield>
   <subfield code="w">2019-06-19</subfield>
   <subfield code="y">BK</subfield>
  </datafield>
  <datafield tag="952" ind1=" " ind2=" ">
   <subfield code="0">0</subfield>
   <subfield code="1">0</subfield>
   <subfield code="2">ddc</subfield>
   <subfield code="4">0</subfield>
   <subfield code="6">615_000000000000000_H527</subfield>
   <subfield code="7">0</subfield>
   <subfield code="9">16932</subfield>
   <subfield code="a">000001</subfield>
   <subfield code="b">000001</subfield>
   <subfield code="d">2019-06-19</subfield>
   <subfield code="o">615 H527</subfield>
   <subfield code="p">MD.15684</subfield>
   <subfield code="r">2019-06-19</subfield>
   <subfield code="v">77000.00</subfield>
   <subfield code="w">2019-06-19</subfield>
   <subfield code="y">BK</subfield>
  </datafield>
  <datafield tag="952" ind1=" " ind2=" ">
   <subfield code="0">0</subfield>
   <subfield code="1">0</subfield>
   <subfield code="2">ddc</subfield>
   <subfield code="4">0</subfield>
   <subfield code="6">615_000000000000000_H527</subfield>
   <subfield code="7">0</subfield>
   <subfield code="9">16933</subfield>
   <subfield code="a">000001</subfield>
   <subfield code="b">000001</subfield>
   <subfield code="d">2019-06-19</subfield>
   <subfield code="o">615 H527</subfield>
   <subfield code="p">MD.15685</subfield>
   <subfield code="r">2019-06-19</subfield>
   <subfield code="v">77000.00</subfield>
   <subfield code="w">2019-06-19</subfield>
   <subfield code="y">BK</subfield>
  </datafield>
  <datafield tag="952" ind1=" " ind2=" ">
   <subfield code="0">0</subfield>
   <subfield code="1">0</subfield>
   <subfield code="2">ddc</subfield>
   <subfield code="4">0</subfield>
   <subfield code="6">615_000000000000000_H527</subfield>
   <subfield code="7">0</subfield>
   <subfield code="9">16934</subfield>
   <subfield code="a">000001</subfield>
   <subfield code="b">000001</subfield>
   <subfield code="d">2019-06-19</subfield>
   <subfield code="l">1</subfield>
   <subfield code="o">615 H527</subfield>
   <subfield code="p">MD.15686</subfield>
   <subfield code="r">2021-01-12</subfield>
   <subfield code="s">2021-01-07</subfield>
   <subfield code="v">77000.00</subfield>
   <subfield code="w">2019-06-19</subfield>
   <subfield code="y">BK</subfield>
  </datafield>
  <datafield tag="952" ind1=" " ind2=" ">
   <subfield code="0">0</subfield>
   <subfield code="1">0</subfield>
   <subfield code="2">ddc</subfield>
   <subfield code="4">0</subfield>
   <subfield code="6">615_000000000000000_H527</subfield>
   <subfield code="7">0</subfield>
   <subfield code="9">16935</subfield>
   <subfield code="a">000001</subfield>
   <subfield code="b">000001</subfield>
   <subfield code="d">2019-06-19</subfield>
   <subfield code="o">615 H527</subfield>
   <subfield code="p">MD.15687</subfield>
   <subfield code="r">2019-06-19</subfield>
   <subfield code="v">77000.00</subfield>
   <subfield code="w">2019-06-19</subfield>
   <subfield code="y">BK</subfield>
  </datafield>
  <datafield tag="952" ind1=" " ind2=" ">
   <subfield code="0">0</subfield>
   <subfield code="1">0</subfield>
   <subfield code="2">ddc</subfield>
   <subfield code="4">0</subfield>
   <subfield code="6">615_000000000000000_H527</subfield>
   <subfield code="7">0</subfield>
   <subfield code="9">16936</subfield>
   <subfield code="a">000001</subfield>
   <subfield code="b">000001</subfield>
   <subfield code="d">2019-06-19</subfield>
   <subfield code="o">615 H527</subfield>
   <subfield code="p">MD.15688</subfield>
   <subfield code="r">2019-06-19</subfield>
   <subfield code="v">77000.00</subfield>
   <subfield code="w">2019-06-19</subfield>
   <subfield code="y">BK</subfield>
  </datafield>
  <datafield tag="952" ind1=" " ind2=" ">
   <subfield code="0">0</subfield>
   <subfield code="1">0</subfield>
   <subfield code="2">ddc</subfield>
   <subfield code="4">0</subfield>
   <subfield code="6">615_000000000000000_H527</subfield>
   <subfield code="7">0</subfield>
   <subfield code="9">16937</subfield>
   <subfield code="a">000001</subfield>
   <subfield code="b">000001</subfield>
   <subfield code="d">2019-06-19</subfield>
   <subfield code="o">615 H527</subfield>
   <subfield code="p">MD.15689</subfield>
   <subfield code="r">2019-06-19</subfield>
   <subfield code="v">77000.00</subfield>
   <subfield code="w">2019-06-19</subfield>
   <subfield code="y">BK</subfield>
  </datafield>
  <datafield tag="952" ind1=" " ind2=" ">
   <subfield code="0">0</subfield>
   <subfield code="1">0</subfield>
   <subfield code="2">ddc</subfield>
   <subfield code="4">0</subfield>
   <subfield code="6">615_000000000000000_H527</subfield>
   <subfield code="7">0</subfield>
   <subfield code="9">16938</subfield>
   <subfield code="a">000001</subfield>
   <subfield code="b">000001</subfield>
   <subfield code="d">2019-06-19</subfield>
   <subfield code="o">615 H527</subfield>
   <subfield code="p">MD.15690</subfield>
   <subfield code="r">2019-06-19</subfield>
   <subfield code="v">77000.00</subfield>
   <subfield code="w">2019-06-19</subfield>
   <subfield code="y">BK</subfield>
  </datafield>
  <datafield tag="952" ind1=" " ind2=" ">
   <subfield code="0">0</subfield>
   <subfield code="1">0</subfield>
   <subfield code="2">ddc</subfield>
   <subfield code="4">0</subfield>
   <subfield code="6">615_000000000000000_H527</subfield>
   <subfield code="7">0</subfield>
   <subfield code="9">16939</subfield>
   <subfield code="a">000001</subfield>
   <subfield code="b">000001</subfield>
   <subfield code="d">2019-06-19</subfield>
   <subfield code="o">615 H527</subfield>
   <subfield code="p">MD.15691</subfield>
   <subfield code="r">2019-06-19</subfield>
   <subfield code="v">77000.00</subfield>
   <subfield code="w">2019-06-19</subfield>
   <subfield code="y">BK</subfield>
  </datafield>
  <datafield tag="952" ind1=" " ind2=" ">
   <subfield code="0">0</subfield>
   <subfield code="1">0</subfield>
   <subfield code="2">ddc</subfield>
   <subfield code="4">0</subfield>
   <subfield code="6">615_000000000000000_H527</subfield>
   <subfield code="7">0</subfield>
   <subfield code="9">16940</subfield>
   <subfield code="a">000001</subfield>
   <subfield code="b">000001</subfield>
   <subfield code="d">2019-06-19</subfield>
   <subfield code="o">615 H527</subfield>
   <subfield code="p">MD.15692</subfield>
   <subfield code="r">2019-06-19</subfield>
   <subfield code="v">77000.00</subfield>
   <subfield code="w">2019-06-19</subfield>
   <subfield code="y">BK</subfield>
  </datafield>
  <datafield tag="980" ind1=" " ind2=" ">
   <subfield code="a">Thư viện Trường Đại học Nam Cần Thơ</subfield>
  </datafield>
 </record>
</collection>
